| 000 | 00386nam a2200145Ia 4500 | ||
|---|---|---|---|
| 008 | 210430s9999 xx 000 0 und d | ||
| 020 | _a978-81-203-4082-4 | ||
| 082 | _a670.42 K211 M | ||
| 100 |
_aJ.P.Kaushish _954124 |
||
| 245 |
_aManufacturing Processes / _cJ.P.Kaushish |
||
| 250 | _a2nd edition | ||
| 260 |
_aNew delhi _bPHI Learning _c2010 |
||
| 300 | _a1007p | ||
| 942 |
_cBK _2ddc |
||
| 999 |
_c564595 _d564595 |
||